Welcome to the Holygrace Academy Library

Please use search bar below to get started

HINDI-ENGLISH DICTIONARY (Record no. 2127)

MARC details
000 -LEADER
fixed length control field 00333nam a22001457a 4500
020 ## - INTERNATIONAL STANDARD BOOK NUMBER
ISBN 81-7254-227-5
082 ## - DEWEY DECIMAL CLASSIFICATION NUMBER
Classification number 030
Item number SRE/H
100 ## - MAIN ENTRY--AUTHOR NAME
Personal name SREEDHARAN, N
245 ## - TITLE STATEMENT
Title HINDI-ENGLISH DICTIONARY
250 ## - EDITION STATEMENT
Edition statement FIRST EDITION
260 ## - PUBLICATION, DISTRIBUTION, ETC. (IMPRINT)
Place of publication CHENNAI
Name of publisher SURA PUBLICATIONS
Year of publication 2017
300 ## - PHYSICAL DESCRIPTION
Number of Pages 400
650 ## - SUBJECT ADDED ENTRY--TOPICAL TERM
Topical Term DICTIONARY
Geographic subdivision INDIA
942 ## - ADDED ENTRY ELEMENTS (KOHA)
Koha item type Books
Holdings
Withdrawn status Lost status Collection code Home library Current library Date acquired Source of acquisition Full call number Accession Number Koha item type Shelving location Cost, normal purchase price
    Reference Main Library Main Library 28/11/2019 purchase 030 SRE/H 12115 Books    
    Reference Main Library Main Library 28/11/2019 purchase 030 SRE/H 12116 Books SHELF 1 F -DICTIONARY,THEASAURUS 140.00